[Event "Vidmar Memorial 14th"]
[Site "Portoroz"]
[Date "2001.07.04"]
[Round "2"]
[White "Volokitin, Andrei"]
[Black "Kozul, Zdenko"]
[Result "1-0"]
[WhiteElo "2551"]
[BlackElo "2556"]
[Annotator "Gershon,A"]
[PlyCount "39"]
[EventDate "2001.07.03"]
[EventType "tourn"]
[EventRounds "9"]
[EventCountry "SLO"]
[EventCategory "14"]
[SourceTitle "CBM 085"]
[Source "ChessBase"]
[SourceDate "2001.11.13"]
[SourceVersion "1"]
[SourceVersionDate "2001.11.13"]
[SourceQuality "1"]

1. e4 {Rogozenko} c5 2. Nf3 Nc6 3. Nc3 {Rogozenko: 'Main idea of developing
first the knight is to avoid either Sveshnikov Sicilian, or the Variation 3.d4
cxd4 4.Nxd4 e5.'} e5 4. Bc4 d6 5. d3 Be7 6. O-O Be6 {'?!' Rogozenko. Rogozenko:
'This move has a rather bad reputation and the present game confirms it.'} (
6... h6 7. h3 Nf6 8. a3 O-O 9. Rb1 a5 10. Be3 Be6 11. Nd5 Bxd5 12. exd5 Nb8 13.
b4 axb4 14. axb4 b5 15. Bb3 cxb4 16. Nh4 Qd7 17. Qf3 Na6 18. Nf5 $14 {1/2-1/2
Movsesian,S-Babula,V/CZE 1997/EXT 98 (41). (40)}) (6... Bg4 7. h3 Be6 (7... Bh5
$143 {Black has to fight for the center and the B on h5 helps very little in
this case.} 8. Nd5 a6 9. a4 Nf6 10. Ne3 (10. c3 $5) 10... Nd4 11. g4 Bg6 12. c3
Ne6 13. Bxe6 fxe6 14. Ng5 Qd7 15. f4 $5 $13 {1-0 Al Modiahki,M-Paragua,M/
Groningen 1999/CBM 73 ext (24)}) 8. Bxe6 $6 {Giving up the fight for an
advantage} fxe6 9. Ne2 Nf6 10. Ng3 O-O 11. c3 {1/2-1/2 Lukin,A-Aleksandrov,D/
St Petersburg 1997/CBM 61 ext (11)}) (6... Nf6 {Rogozenko} 7. Ng5 O-O 8. f4
exf4 9. Bxf4 h6 10. Nf3 Na5 $5 (10... Be6 11. Nd5 Bxd5 12. Bxd5 Nxd5 13. exd5
Nb4 14. c4 Bf6 (14... Qd7 15. a3 Na6 16. Kh1 (16. d4 Rac8 17. Qd3 cxd4 18. Nxd4
Nc5 19. Qc2 Rfe8 $14) 16... b5 17. Nd2 Nc7 18. b4 $1 $36 {1-0 Mrdja,
M-Therkildsen,T/Cannes 1999}) 15. Qd2 Re8 16. Kh1 (16. a3 Na6 17. Kh1 $14)
16... a5 17. a3 Na6 18. g4 $1 $36 {0-1 Sadvakasov,D-Morozevich,A/Astana 2001/ 
(48)} (18. Rae1 Qb6 $132 (18... Qd7 19. Rxe8+ Rxe8 20. Qxa5 Bxb2 21. Rb1 {
>< Na6})) (18. d4 $6 Rc8 19. Rac1 Qb6 $132)) 11. Qd2 Nxc4 12. dxc4 Be6 13. b3
Nh5 $13 {1/2-1/2 David,A-Grivas,E/Athens 1997] (25)}) 7. Nd5 Nf6 $6 (7... h6
$142 {not allowing Ng5}) 8. Ng5 {'!' Rogozenko.} Bxd5 9. exd5 Nb8 10. f4 $146 (
10. Bb5+ $5 Nbd7 11. Ne6 fxe6 12. dxe6 O-O 13. exd7 a6 (13... Nxd7 14. Qg4 Nf6
15. Qe6+ Kh8 16. f4 $36) 14. Bc4+ d5 15. Bb3 Qxd7 16. f4 $1 e4 17. c4 $1 dxc4
18. Bxc4+ Kh8 19. dxe4 $16 {1-0 Frolov,D-Aleksandrov,D/St Petersburg 1997/CBM
61 ext (42)} (19. dxe4 {Rogozenko} Qxd1 20. Rxd1 Nxe4 21. Re1 Nd6 22. Rxe7 Nxc4
23. b3 Nd6 24. Bb2 Rf7 25. Rxf7 Nxf7 26. Re1 $18 {1-0 Frolov,D-Aleksandrov,D/
St Petersburg 1997 (42)})) (10. b4 {Rogozenko} cxb4 11. Qe1 Nbd7 12. Qxb4 Nb6
13. Bb5+ Kf8 $13 {Hector,J-Sherbakov,R/Aalborg 1993}) 10... exf4 $2 {After
this optimistic move black is bound to suffer} ({However, after} 10... O-O 11.
Qe2 Nbd7 12. Bd2 {[%cal Ga1e1] white has a more pleasant game as well}) (10...
Nbd7 $142 {Rogozenko} 11. fxe5 Nxe5 12. Bb5+ Ned7 13. Ne6 (13. Bxd7+ Qxd7 14.
d4 c4 15. Qe2 Rc8 16. b3 {1/2-1/2 Ochoa de Echaguen,F-Lezcano Jaen,P/Lleida
1991/EXT 97 (16)}) 13... fxe6 14. dxe6 O-O 15. exd7 a6 $1 (15... Nxd7 16. Bf4
$5 $14) 16. Bc4+ d5 17. Bb3 Qxd7 $32) 11. Bxf4 O-O (11... h6 12. Bb5+ Nbd7 (
12... Kf8) 13. Ne4 (13. Ne6 fxe6 14. dxe6 O-O 15. exd7 a6 16. Bc4+ d5 17. Bb3
Qxd7 $11) 13... Nxe4 14. dxe4 O-O $140 $2 15. Bxh6 gxh6 16. Qg4+ $18 {[%csl
Rd7][%cal Gg4d7]}) 12. Qe2 Nbd7 $4 {'?' Rogozenko. A careless move. Black is
now losing by force. However, black's position is already difficult.} (12...
Re8 13. Nxf7 (13. Rae1 {Rogozenko} Bf8 $16) 13... Bf8) (12... h6 $142 13. Nf3
Nbd7 14. Nh4 Re8 15. Nf5 $16) 13. Rae1 {'+/-' Rogozenko. Rogozenko: '/+-.'} Re8
(13... Ne5 $8 14. Bxe5 dxe5 15. Qxe5 Bd6 16. Qf5 $16 {/+-}) {[%tqu "En","How
would you punish black for his passive and careless play?","","","g5f7",
"Congratulations, you have just wiped black off the board!",10]} 14. Nxf7 $1
Kxf7 15. Qe6+ Kf8 16. g4 $1 {A truly picturesque position - white is a piece
down, but one simply doesn't feel the blacks on the board - it's all white.} a6
(16... Nb6 17. g5 Qd7 18. gxf6 Bxf6 19. Bxd6+ $18) ({after} 16... h6 17. h4 $18
{[%cal Gg4g5] looks like a satisfying answer to me} (17. h4 {Rogozenko} Qc8 18.
g5 hxg5 19. hxg5 Ne5 20. gxf6 (20. Bxe5 Qxe6 21. dxe6 dxe5 22. Rxe5 Bd6 $1 23.
Ref5 Ke7 24. gxf6+ gxf6 $16) 20... Qxe6 21. fxg7+ Kxg7 22. dxe6 Nxc4 23. dxc4
Rg8 24. Re2 $18)) (16... Qc8 {Rogozenko} 17. g5 Ne5 18. gxf6 Qxe6 19. fxg7+
Kxg7 20. dxe6 Nxc4 21. dxc4 $18) 17. g5 b5 {Does anybody here cares about the
B?} 18. Re3 $1 {[%csl Rf8][%cal Ge3h3,Gh3h7,Gh7h8] the threat can't get any
simpler than that} Ne5 (18... bxc4 19. Rh3 ({also possible} 19. gxf6 {where
after:} Nxf6 {Mr. Fritz comes up with the nice:} 20. Bh6 $1 gxh6 (20... Qc8 21.
Rxf6+ Bxf6 22. Qxf6+ Kg8 23. Qxg7#) 21. Rg3) 19... Ne5 (19... Qc8 20. Rxh7 Nxh7
21. g6 {Quality over quantity: Black is a whole R and 2 pieces up, cannot
defend from a simple threat. ( reminds me of the famous position where white
promotes his only P to a N and the entire black army cannot stop the mate.}) (
19... h6 {Rogozenko} 20. g6 $18) 20. Bxe5 (20. Rxh7 Nxh7 (20... Ng6 21. gxf6
$18 {[%cal Gf4d6,Gf4h6]}) 21. Bxe5+ Bf6 22. Bxd6+ Re7 23. gxf6 Nxf6 24. Rf3 $18
{and another one comes to mate!}) 20... Qc8) 19. Bxe5 (19. Rh3 $2 Nf7) 19...
dxe5 20. g6 $1 {the final nail!} (20. g6 hxg6 21. Rh3) 1-0

[Event "New York Smartchess.com"]
[Site "New York"]
[Date "2001.06.06"]
[Round "3"]
[White "Yudasin, Leonid"]
[Black "Bonin, Jay R"]
[Result "1-0"]
[WhiteElo "2568"]
[BlackElo "2381"]
[Annotator "Gershon,A"]
[PlyCount "95"]
[EventDate "2001.06.04"]
[EventType "tourn"]
[EventRounds "9"]
[EventCountry "USA"]
[EventCategory "9"]
[SourceTitle "CBM 084"]
[Source "ChessBase"]
[SourceDate "2001.09.13"]
[SourceVersion "1"]
[SourceVersionDate "2001.09.13"]
[SourceQuality "1"]

{[%mdl 32768]} 1. e4 c5 2. Nf3 Nc6 3. Bb5 e6 4. Bxc6 bxc6 5. d3 d6 (5... Qc7 6.
O-O e5 (6... d6 7. Nc3 Nf6 8. Qe2 Nd7 9. Ng5 h6 10. Nh3 e5 11. f4 exf4 12. Bxf4
Be7 13. Qf3 Bf6 14. Qg3 Ne5 15. Bd2 Qe7 16. Nf4 h5 17. h3 Be6 18. Nd1 g5 $40 {
0-1 Bhat,V-Milov,V/Andorra AND 2001/The Week in Chess 349 (34)}) 7. c3 Nf6 8.
Re1 Be7 9. d4 cxd4 10. cxd4 d6 $2 (10... exd4 11. e5 Nd5 12. Qxd4 O-O $14) 11.
dxe5 dxe5 12. b3 $16 {1-0 Skripchenko Lautier,A-Amura,C/Shenyang 2000/CBM 79 
(32)}) 6. O-O (6. e5 d5 $2 (6... dxe5 7. Nxe5 Qd5 8. Nf3 c4 9. Nc3 Bb4 10. Bd2
Bxc3 11. Bxc3 Ne7 12. dxc4 Qxc4 13. Nd2 Qd5 14. Qg4 Nf5 15. b3 h5 16. Qf4 f6
17. O-O-O e5 18. Qb4 c5 19. Qb5+ Bd7 20. Qa5 O-O 21. Nc4 {1/2-1/2 Adams,
M-Krasenkow,M/Istanbul 2000/EXT 2001 (21)}) 7. O-O Ne7 8. c4 $1 {[%csl Rc5,Rc6]
} Nf5 9. Nc3 Be7 10. b3 Nd4 11. Na4 Nxf3+ 12. Qxf3 O-O 13. Ba3 Qa5 14. Qe3 Rd8
15. Rad1 Bd7 16. Qe1 $1 $16 {1-0 Hamdouchi,H-Cardenas Valero,J/Mancha Real
2000/EXT 2001 (24)}) 6... e5 (6... g6 7. e5 d5 8. c4 Ne7 9. Nc3 Bg7 10. Na4 h6
11. Nxc5 g5 12. h3 Qa5 13. Qe1 Qc7 14. b3 Ng6 15. Bb2 h5 16. Nxg5 Bxe5 17. Bxe5
Qxe5 18. Qxe5 Nxe5 $16 {1-0 Van den Doel,E-Abdulla,A/Elista 1998/CBM 66 ext 
(36)}) 7. c3 Ne7 8. d4 cxd4 9. cxd4 Ng6 $2 {Lets white get a pleasant edge.} (
9... exd4 $142 10. Nxd4 Bd7 (10... g6 11. Bg5 $16) 11. Nc3 Ng6 12. b4 Be7 13.
Bb2 O-O $13) 10. dxe5 dxe5 {[%csl Rc6]} 11. Qc2 Qc7 12. Be3 Bd6 13. Rc1 Bd7 14.
Nc3 ({also possible} 14. Nbd2 {[%cal Gd2b3]}) 14... O-O $2 {a careless move
after which black gets a lost position by force.} ({essential was:} 14... Rd8)
15. Qd3 $1 {[%cal Gc3b5,Gc1d1]} (15. Na4 $143 Rac8 16. Bc5 Bg4 17. Qc3 Nf4 18.
Rc2 $14) 15... Rfd8 (15... Qb8 16. Rd1 $18) (15... Be7 16. Nd5 $16) 16. Nb5
cxb5 17. Rxc7 Bxc7 18. Rc1 $16 Be8 19. Qb3 $1 {A very precise move not
allowing black to activate his B by playing f6-Bf7} Bd6 20. g3 {[%csl Rg6]} h6
21. h4 Ne7 22. Bc5 {It's interesting to see the technique of Yudasin: white's
trying to exchange as many pieces as possible, this would make it much more
difficult for black to defend the weaknesses.} Nc6 (22... Rac8 23. Qe3 {
[%csl Ra7]} Bxc5 24. Rxc5 f6 25. Rxc8 Nxc8 26. Qc5 $16) 23. Bxd6 Rxd6 24. Kg2
a6 25. Rd1 Rxd1 26. Qxd1 Rd8 27. Qb3 b4 28. g4 {creating weaknesses on the K
side as well: the main advantage of a Q over R+B is its mobility. Therefore,
it's highly advisable to play in the whole board when handling the Q} a5 29.
Qc4 Kh7 30. Qc5 f6 31. g5 Kg8 32. gxf6 gxf6 {[%csl Rg8]} 33. h5 Rd7 34. Qc4+
$18 ({Of course not} 34. Qxc6 $4 Rg7+ $19) 34... Kh7 (34... Kh8 35. Qe6 {
[%csl Re8,Rf6]}) 35. Ng5+ fxg5 36. Qxc6 Re7 37. Qf6 {the rest needs no comment}
Rg7 38. Qf5+ Kg8 39. Qxe5 Bxh5 40. Qxa5 Rf7 41. Qxb4 Bf3+ 42. Kg3 h5 43. Qb5
h4+ 44. Kh3 Rg7 45. a4 g4+ 46. Kxh4 g3 47. Qe8+ ({even} 47. fxg3 {is
possible!!!!!!!!} Rh7+ 48. Kg5 Rh5+ 49. Kf4 Rxb5 50. axb5 Be2 51. b6 Ba6 52.
Ke5 Kf7 53. Kd6 $18) 47... Kh7 48. fxg3 1-0

[Event "Clichy"]
[Site "Clichy"]
[Date "2001.06.27"]
[Round "3"]
[White "Degraeve, Jean Marc"]
[Black "Nataf, Igor Alexandre"]
[Result "1-0"]
[WhiteElo "2589"]
[BlackElo "2552"]
[Annotator "Gershon,A"]
[PlyCount "89"]
[EventDate "2001.06.25"]
[EventType "tourn"]
[EventRounds "9"]
[EventCountry "FRA"]
[EventCategory "14"]
[SourceTitle "CBM 085"]
[Source "ChessBase"]
[SourceDate "2001.11.13"]
[SourceVersion "1"]
[SourceVersionDate "2001.11.13"]
[SourceQuality "1"]

1. e4 {Hecht} c5 2. Nf3 Nc6 3. Bb5 e6 4. O-O Nge7 5. c3 a6 6. Ba4 b5 7. Bc2 Bb7
8. Qe2 Ng6 (8... d5 9. e5 d4 10. Be4 Ng6 11. cxd4 cxd4 12. d3 Be7 13. Nbd2 (13.
a4 O-O 14. Na3 Qb6 15. Bd2 Rfc8 16. Rfc1 h6 17. Qe1 Nf8 18. axb5 axb5 19. Nc2
Rxa1 20. Nxa1 Ra8 21. Nb3 Ra4 22. h3 $13 {1/2-1/2 Zhang Zhong-Wu Wenjin/HeiBei
CHN 2001/The Week in Chess 351 (73)}) 13... Qd7 (13... Qc7 14. Nb3 O-O 15. Bd2
Rfc8 16. Rac1 Qb6 17. h4 $36 {1-0 Smirin,I-Krasenkow,M/Dos Hermanas ESP 2001/
The Week in Chess 337 (72)}) 14. Nb3 Rd8 15. Bd2 Nb4 16. Nfxd4 Nc6 17. Nf3 Nb4
18. Bxb7 Qxb7 19. d4 O-O 20. Rfc1 Qd5 21. Nc5 Nc6 22. Be3 $16 {1-0 Smirin,
I-Finegold,B/Philadelphia USA 2001/The Week in Chess 351 (53)}) 9. d4 cxd4 10.
cxd4 Nh4 (10... Rc8 11. Rd1 Be7 12. a4 Nb4 13. Bb3 bxa4 14. Bxa4 O-O 15. Nc3 d5
16. e5 Qb6 17. Bg5 Bxg5 18. Nxg5 h6 19. Nf3 Rc7 20. Bc2 Bc6 21. Bb1 Rb8 22. h4
Bb5 23. Qe3 $14 {1/2-1/2 Potkin,V-Sveshnikov,E/Elista RUS 2001/The Week in
Chess 339 (57)}) 11. Nbd2 Rc8 12. d5 Ne5 13. Bb3 (13. Nd4 Bd6 14. N2b3 Nc4 {
1/2-1/2 Degraeve,J-Bacrot,E/Marsailles FRA 2001/The Week in Chess 355 (14)})
13... Nexf3+ 14. Nxf3 Nxf3+ 15. Qxf3 Bd6 16. Bf4 Bxf4 17. Qxf4 O-O 18. Rad1 {
[%cal Gd5e6,Yd1d8]} (18. d6 Qb6 {[%cal Gb6d4]} 19. Rad1 Qc5 $11) 18... Qc7 $11
{Black has successfully solved all his opening problems} 19. Qd2 Rfe8 20. Rfe1
(20. dxe6 dxe6 21. f3 a5 $15) 20... h6 21. d6 Qc5 22. e5 Rf8 $6 (22... Qc6 $142
23. f3 Qb6+ 24. Qf2 (24. Kh1 Rc5 25. Rc1 Rec8 $11) 24... Qxf2+ 25. Kxf2 Rc5 26.
Rc1 Rec8 27. Rxc5 Rxc5 28. f4 g5 29. g3 a5 $11) 23. Rc1 Qb6 24. Bc2 $1 f5 $2 {
A mistake which leads to difficulties throughout the game! Black must not play
'f5' - keeping the posibility to break white's pawns.} (24... Rc5 25. Qd3 g6 (
25... f5 26. Bb3 Qc6 27. Qf1 Rc8 28. Rxc5 Qxc5 29. Kh1 $11)) 25. Bb3 Rc5 26.
Qe3 Rxc1 27. Rxc1 Qxe3 28. fxe3 $14 Rc8 29. Rxc8+ Bxc8 {Almost all black pawns
are placed on the light squares and his K isvery passive - these factors
decide the  evaluation of this endgame as winning for white.. Hecht: '[#]
Schlechter Läufer, Raum'} 30. Kf2 {[%csl Ra6,Rb5,Rc8,Gd6,Rd7,Ge5,Re6,Rf5][%cal
Gf2e2,Ge2d2,Gd2c3,Gc3b4,Gb4a5]} Kf7 31. Ke2 Bb7 ({Black cannot advance the Q
side pawns too far.For instance:} 31... b4 $4 32. Kd3 a5 33. Kc4 Ba6+ 34. Kc5
$18) 32. g3 Be4 33. Kd2 Ke8 (33... b4 34. Bc2 a5 35. Bxe4 fxe4 36. Kc2 a4 (
36... Kg6 37. Kb3 Kf5 38. Ka4 Kxe5 39. Kxa5 Kxd6 40. Kxb4 $18) 37. a3 bxa3 38.
bxa3 Kg6 39. Kc3 Kf5 40. Kd4 h5 41. h3 g6 (41... g5 42. Kc4 $22 Kxe5 43. Kc5 g4
(43... h4 44. g4) 44. h4 Kf5 45. Kb6 $18) 42. Kc5 $3 {[%cal Gc5b6]} Kxe5 43. h4
$1 Kf5 44. Kb6 $18) 34. Kc3 Kd8 (34... a5 35. Bd1 $16 {[%csl Rb5][%cal Gd1e2]})
35. Kb4 Kc8 36. a4 {'!' Hecht. Hecht: 'Vergrößert den Radius des bisher in der
Wirkung stark eingeschränkten weißen Läufers erheblich.'} Bc6 (36... bxa4 37.
Bxa4 {[%csl Ra6,Rd7] here are the famous two weaknesses that bring white the
victory}) 37. axb5 Bxb5 (37... axb5 38. Ka5 Kb7 39. Bd1 $18 {[%cal Gd1e2]}) 38.
Ka5 Kb7 39. Bd1 (39. Ba4 Bxa4 40. Kxa4 Kb6 $11) 39... Ka7 (39... Kc6 $2 40.
Bf3+ Kc5 41. b4+ Kc4 42. Be2+ Kd5 43. Bxb5 axb5 44. Kxb5 $18 Kxe5 45. Ka6 $18)
(39... Bc6 {Hecht} 40. Be2 $18) 40. Bf3 {[%csl Ra7]} Bf1 41. h4 $1 {a precise
move} ({The most natural would be} 41. Bc6 $143 {But white prepares to close
the K side in order to prevent black from any kind of counterplay.} Bb5 42.
Bxb5 axb5 43. h4 g5 44. h5 (44. hxg5 hxg5 45. Kxb5 Kb7 $11) (44. Kxb5 {Hecht}
gxh4 45. gxh4 h5 46. Ka5 Kb7 47. b4 Ka7 48. b5 Kb7 49. b6 Kb8 50. Ka6 Ka8 51.
b7+ Kb8 $11 {zeigt auf, worauf es für Schwarz ankommt.}) 44... Kb7 {Now there
is no way for white to win this position, since he cannot push the P untill
'b7' - black would then play f4 with a stalemate!!!} 45. Kxb5 Ka7 46. Kc5 Ka6
47. Kd4 Kb5 48. e4 $2 f4 49. gxf4 gxf4 {and suddenly black is the one winning!}
) 41... Bb5 {'?' Hecht.} (41... g5 $1 {Hecht} 42. Bc6 Bb5 43. Bxb5 axb5 $11)
42. Bg2 $22 {'?' Hecht.} (42. h5 $1 {Hecht} Kb8 43. Kb6 Kc8 44. Bb7+ $18) 42...
Be2 {'?' Hecht.} (42... g5 $1 {Hecht}) 43. Bc6 {'!' Hecht.} Bb5 44. Bxb5 axb5
45. h5 $1 {after this there is no need in further comments. The easiest plan
now is to stalemate black K on 'b8' thus forcing him to play g6 and the Q with
a checkmate.} 1-0

[Event "FRA-ch Pool B"]
[Site "Marseille"]
[Date "2001.08.18"]
[Round "6"]
[White "Fressinet, Laurent"]
[Black "Nataf, Igor Alexandre"]
[Result "1/2-1/2"]
[WhiteElo "2606"]
[BlackElo "2527"]
[Annotator "Gershon,A"]
[PlyCount "47"]
[EventDate "2001.08.13"]
[EventType "tourn"]
[EventRounds "7"]
[EventCountry "FRA"]
[EventCategory "13"]
[SourceTitle "CBM 085"]
[Source "ChessBase"]
[SourceDate "2001.11.13"]
[SourceVersion "1"]
[SourceVersionDate "2001.11.13"]
[SourceQuality "1"]

1. e4 c5 2. Nf3 Nc6 3. Bb5 e6 4. Bxc6 bxc6 5. d3 Ne7 6. Bd2 {This move has
become quite popular in the last couple of years.White's main idea is to wait
and see what black plays and react accordingly.} f6 (6... Ng6 7. h4 h5 8. e5 f6
(8... Be7 9. Qe2 f6 (9... Rb8 10. Na3 Ba6 11. O-O-O d6 12. exd6 Qxd6 13. Nc4
Qd5 14. Bc3 f6 15. g3 $14 {1/2-1/2 Deseatnicov,I-Miton,K/Athens GRE 2001/The
Week in Chess 354 (44)}) 10. Bc3 Kf7 11. Qe3 fxe5 12. Nxe5+ Nxe5 13. Qxe5 Bf6
14. Qxc5 Bxh4 15. Nd2 Qe7 16. Qe3 Bf6 17. Qf3 Kg6 18. Ne4 Bxc3+ 19. bxc3 d5 20.
Qg3+ Kh6 21. Ke2 g6 22. Qf4+ g5 23. Nxg5 Qxg5 24. Rxh5+ Kxh5 25. Qf7+ Qg6 26.
Rh1+ {1-0 Thipsay,B-Aarthie,R/New Delhi IND 2001/The Week in Chess 344 (26)})
9. Qe2 Nxe5 10. Nxe5 fxe5 11. Qxe5 Qf6 12. Qg3 (12. Bc3 Qxe5+ 13. Bxe5 d6 14.
Bg3 e5 {1/2-1/2 Yandemirov,V-Shariyazdanov,A/St Petersburg RUS 2001/The Week
in Chess 345 (14)}) 12... Qxb2 13. Qg6+ Kd8 14. O-O Qxa1 15. Ba5+ Ke7 16. Bc3
Qxa2 17. Bxg7 $40 {1-0 Hasangatin,R-Zambor,N/Presov 2000/EXT 2001 (58)}) 7. Nh4
g6 $5 {[%mdl 4] Black's idea is to place the dark B on the long /^, where he
can be more effective in the long run} (7... d6 8. f4 Qc7 9. O-O (9. Qh5+ g6
10. Qe2 Bg7 11. Nf3 O-O 12. Na3 Rb8 13. b3 e5 14. fxe5 fxe5 15. Nc4 d5 16. Ba5
Qb7 17. Ncd2 Be6 18. O-O $11 {1-0 Hasangatin,R-Akimov,I/Bor 2000/EXT 2001 (39)}
) 9... Ng6 10. Qh5 Qf7 11. Nxg6 Qxg6 12. Qf3 (12. Qxg6+ $143 hxg6 13. e5 c4 14.
dxc4 d5 $132 {0-1 Hasangatin,R-Somkin,E/Bor 2000/EXT 2001 (39)}) 12... e5 13.
Na3 Be7 14. fxe5 fxe5 15. Nc4 Rb8 16. a3 Rb7 17. b4 cxb4 18. axb4 Be6 19. Ne3
$14 {1/2-1/2 Yandemirov,V-Somkin,E/Voronezh 2000/EXT 2001 (44)}) 8. f4 Bg7 9.
Nf3 d6 10. O-O O-O {Black has a vrey flexible pawn formation - ready to react
on any white's movement in the center} 11. e5 (11. c3 d5 $5 12. Be3 c4 $132 (
12... Ba6 $5)) 11... fxe5 12. fxe5 d5 13. Nc3 (13. c4 $5 dxc4 $140 $6 (13...
Rb8 14. Nc3 Rxb2 (14... dxc4 $143 15. dxc4 Rxb2 16. Be3 $36) 15. Na4 Rb8 16.
Kh1 $44) 14. dxc4 Bxe5 15. Nxe5 Qd4+ 16. Kh1 Rxf1+ 17. Qxf1 Qxe5 18. Bc3 Qf5
19. Nd2 $40 {white has a very strong initiative against the weak black K})
13... Nf5 14. Na4 Nd4 15. Nxd4 (15. Nxc5 $2 Nxf3+ 16. Rxf3 Bxe5 $15) 15... cxd4
16. Qe2 Rb8 17. b4 Rb7 18. Rxf8+ Qxf8 19. Nc5 (19. Rf1 Rf7 20. Rxf7 Qxf7 {
[%csl Re5]} 21. c3 dxc3 22. Bxc3 Qf4 $15) 19... Rf7 20. c3 dxc3 21. Bxc3 Qd8
22. Nb3 {[%cal Gb3d4,Yc3d4,Yd4c5]} (22. Qg4 $5 Rf5 23. d4 $14) 22... Qb6+ 23.
d4 Bf8 24. Nc5 $14 1/2-1/2